Theory and problems of fluid mechanics and hydraulic (Record no. 64955)

000 -LEADER
fixed length control field 00449nam a22001697a 4500
003 - CONTROL NUMBER IDENTIFIER
control field NUST - PNEC
005 - DATE AND TIME OF LATEST TRANSACTION
control field 20170116180901.0
008 - FIXED-LENGTH DATA ELEMENTS--GENERAL INFORMATION
fixed length control field 150901b xxu||||| |||| 00| 0 eng d
020 ## - INTERNATIONAL STANDARD BOOK NUMBER
International Standard Book Number -
040 ## - CATALOGING SOURCE
Transcribing agency LIBRARY
082 ## - DEWEY DECIMAL CLASSIFICATION NUMBER
Classification number 620.106 GIL
100 ## - MAIN ENTRY--PERSONAL NAME
9 (RLIN) 6309
Personal name Giles, Ranald V.
245 ## - TITLE STATEMENT
Title Theory and problems of fluid mechanics and hydraulic
Statement of responsibility, etc. Ranald V. Giles
260 ## - PUBLICATION, DISTRIBUTION, ETC.
Date of publication, distribution, etc. c1962
650 ## - SUBJECT ADDED ENTRY--TOPICAL TERM
9 (RLIN) 6315
Topical term or geographic name entry element Mechanical Engineering
General subdivision ME
942 ## - ADDED ENTRY ELEMENTS (KOHA)
Source of classification or shelving scheme
Koha item type Book
Holdings
Withdrawn status Lost status Source of classification or shelving scheme Damaged status Not for loan Permanent Location Current Location Shelving location Date acquired Total Checkouts Full call number Barcode Date last seen Price effective from Koha item type
          Pakistan Navy Engineering College (PNEC) Pakistan Navy Engineering College (PNEC)       620.106 GIL PNECLIB-008434 09/01/2015   Book
© 2023 Central Library, National University of Sciences and Technology. All Rights Reserved.